000 00766cab a2200253 4500
001 WB3220-60
008 090401t1996 xxu||||| |||| 00| 0 eng d
035 _a(Sirsi) u8502
041 _aeng
245 _aNew set-aside rules
260 _c1996
350 _a0
490 _aScottish Office News Release
_v(0772) 16 May 1996, (2)
520 _aThe Scottish Office has announced changes to set-aside rules under the Arable Area Payments Scheme, which will increase benefits in 1997.
650 _aARABLE AREA PAYMENT SCHEME
650 _aCOMPENSATION
650 _aENVIRONMENTAL BENEFITS
650 _aFARMLAND
650 _aSET-ASIDE
690 _aENVIRONMENTAL AND LAND CONSULTANCY
690 _aRURAL PRACTICE
942 _n0
948 _c04/03/1997
999 _c5246
_d5246